Running Linux (E-BOOK) (Record no. 191326)
[ view plain ]
| 000 -LEADER | |
|---|---|
| fixed length control field | 01580 a2200253 4500 |
| 003 - CONTROL NUMBER IDENTIFIER | |
| control field | Nust |
| 005 - DATE AND TIME OF LATEST TRANSACTION | |
| control field | 20170207154014.0 |
| 010 ## - LIBRARY OF CONGRESS CONTROL NUMBER | |
| LC control number | 2003269688 |
| 020 ## - INTERNATIONAL STANDARD BOOK NUMBER | |
| International Standard Book Number | 0596002726 |
| 040 ## - CATALOGING SOURCE | |
| Transcribing agency | Nust |
| 082 00 - DEWEY DECIMAL CLASSIFICATION NUMBER | |
| Classification number | 005.432 |
| 245 00 - TITLE STATEMENT | |
| Title | Running Linux (E-BOOK) |
| Statement of responsibility, etc. | Matt Welsh ... [et al.]. |
| 250 ## - EDITION STATEMENT | |
| Edition statement | 4th ed. |
| 260 ## - PUBLICATION, DISTRIBUTION, ETC. | |
| Place of publication, distribution, etc. | Sebastopol, CA : |
| Name of publisher, distributor, etc. | O'Reilly, |
| Date of publication, distribution, etc. | c2003. |
| 300 ## - PHYSICAL DESCRIPTION | |
| Extent | xviii, 672 p. : |
| Other physical details | ill. ; |
| Dimensions | 24 cm. |
| 500 ## - GENERAL NOTE | |
| General note | Previous eds. entered under Welsh. |
| 505 ## - FORMATTED CONTENTS NOTE | |
| Formatted contents note | Introduction To Linux (Page- 9) Preparing To Install Linux (Page-41) Installation And Initial Configuration (Page-50) Basic Unix Commands And Concepts(Page-82) Essential System Management (Page-114) Managing Filesystems, Swap Space, And Devices (Page-145) Upgrading Software And The Kernel (Page-167) Other Administrative Tasks(Page-212) Editors, Text Tools, Graphics, And Printing (Page-259) Installing The X Window System(Page-323) Customizing Your X Environment(Page-340) Windows Compatibility And Samba (Page-378) Programming Languages (Page-399) Tools For Programmers (Page-437) TCP/IP And PPP (Page-475) The World Wide Web And Electronic Mail (Page-514) Basic Security (Page-542) LAMP (Page-561) |
| 650 #0 - SUBJECT ADDED ENTRY--TOPICAL TERM | |
| Topical term or geographic name entry element | Operating systems (Computers) |
| 651 ## - SUBJECT ADDED ENTRY--GEOGRAPHIC NAME | |
| Geographic name | E-BOOK |
| 700 1# - ADDED ENTRY--PERSONAL NAME | |
| Personal name | Welsh, Matt. |
| 856 42 - ELECTRONIC LOCATION AND ACCESS | |
| Materials specified | Contributor biographical information |
| Uniform Resource Identifier | <a href="http://www.loc.gov/catdir/enhancements/fy0913/2003269688-b.html">http://www.loc.gov/catdir/enhancements/fy0913/2003269688-b.html</a> |
| 856 42 - ELECTRONIC LOCATION AND ACCESS | |
| Materials specified | Publisher description |
| Uniform Resource Identifier | <a href="http://www.loc.gov/catdir/enhancements/fy0915/2003269688-d.html">http://www.loc.gov/catdir/enhancements/fy0915/2003269688-d.html</a> |
| 856 42 - ELECTRONIC LOCATION AND ACCESS | |
| Materials specified | Table of contents only |
| Uniform Resource Identifier | <a href="http://www.loc.gov/catdir/enhancements/fy1009/2003269688-t.html">http://www.loc.gov/catdir/enhancements/fy1009/2003269688-t.html</a> |
| 942 ## - ADDED ENTRY ELEMENTS (KOHA) | |
| Source of classification or shelving scheme | |
| Koha item type | Book |
| Withdrawn status | Lost status | Source of classification or shelving scheme | Damaged status | Not for loan | Collection code | Permanent Location | Current Location | Date acquired | Total Checkouts | Full call number | Barcode | Date last seen | Price effective from | Koha item type |
|---|---|---|---|---|---|---|---|---|---|---|---|---|---|---|
| Military College of Signals (MCS) | Military College of Signals (MCS) | 12/12/2016 | 005.432 REI | MCSEB-641 | 12/08/2016 | 12/12/2016 | Book |
